| 000 | 00356nam a2200133Ia 4500 | ||
|---|---|---|---|
| 008 | 240116s9999 xx 000 0 und d | ||
| 082 |
_a347.0775491 _bPAK-T |
||
| 100 | _aPakistan law house | ||
| 245 | 4 | _aThe Court Fees Acts 1870 and suits validation act | |
| 260 |
_aPakistan _bPakistan law house _c2021 |
||
| 300 | _a524 | ||
| 650 | _aLaw | ||
| 999 |
_c35019 _d35019 |
||